Cities in Paintings - Statistics

General Stats
  • This quiz has been taken 139 times
  • The average score is 5 of 16
Answer Stats
Picture Answer % Correct
Paris
90%
Venice
85%
Edo
64%
Constantinople
61%
Tenochtitlan
43%
Rio de Janeiro
41%
Amsterdam
27%
Cape Town
25%
Edinburgh
13%
Sydney
12%
Washington D.C.
11%
Nineveh
7%
Dresden
5%
Lisbon
3%
Kaifeng
2%
Tangier
2%
No matching quizzes found
Score Distribution
Percent of People with Each Score
Percentile by Number Answered
Your Score History
You have not taken this quiz